[Event "14th Iranian Super League (Men - 1st Season) 2015 "]
[Site "Mazandaran (Sari)"]
[Date "2015.07.19"]
[Round "4"]
[Board "4"]
[White "Mirzoev, Azer"]
[Black "Nejadshirazi, Mohammad Reza"]
[Result "1-0"]
[WhiteElo "2553"]
[BlackElo "1945"]
[PlyCount "0"]
[EventDate "2015.07.17"]
[EventType "team"]
[EventRounds "13"]
[EventCountry "IRI"]
[WhiteTeam "Shahrdari Tabriz"]
[BlackTeam "Darya borj Shiraz"]

1. d4 {[%clk 1:21:56]} Nf6 {[%clk 1:30:56]} 2. Nf3 {[%clk 1:22:17]} g6
{[%clk 1:31:21]} 3. g3 {[%clk 1:22:28]} d5 {[%clk 1:31:42]} 4. c4
{[%clk 1:22:47]} c6 {[%clk 1:32:08]} 5. Qb3 {[%clk 1:23:09]} Bg7 {[%clk 1:28:09]}
6. Bg2 {[%clk 1:22:53]} O-O {[%clk 1:26:19]} 7. O-O {[%clk 1:23:16]} Qb6
{[%clk 1:21:30]} 8. Nc3 {[%clk 1:23:24]} Qxb3 {[%clk 1:16:50]} 9. axb3
{[%clk 1:23:37]} Na6 {[%clk 1:16:03]} 10. Bf4 {[%clk 1:22:22]} Bf5
{[%clk 1:11:00]} 11. Ra5 {[%clk 1:13:30]} Rfd8 {[%clk 1:06:22]} 12. Rfa1
{[%clk 1:11:58]} e6 {[%clk 1:02:37]} 13. c5 {[%clk 1:10:59]} Ne4 {[%clk 0:56:30]}
14. h3 {[%clk 1:04:05]} g5 {[%clk 0:54:43]} 15. Nxg5 {[%clk 1:00:52]} Bxd4
{[%clk 0:52:09]} 16. Ngxe4 {[%clk 1:00:45]} dxe4 {[%clk 0:52:04]} 17. e3
{[%clk 0:46:26]} Bxc5 {[%clk 0:49:36]} 18. g4 {[%clk 0:45:06]} Bg6
{[%clk 0:49:26]} 19. Nxe4 {[%clk 0:41:53]} Be7 {[%clk 0:47:00]} 20. Bg5
{[%clk 0:33:47]} Bxg5 {[%clk 0:45:33]} 21. Rxg5 {[%clk 0:32:32]} Kf8
{[%clk 0:45:12]} 22. Rga5 {[%clk 0:32:36]} Rd3 {[%clk 0:43:41]} 23. R1a3
{[%clk 0:29:36]} Rad8 {[%clk 0:42:34]} 24. Nc3 {[%clk 0:16:51]} Rd2
{[%clk 0:41:40]} 25. Bxc6 {[%clk 0:16:15]} bxc6 {[%clk 0:41:20]} 26. Rxa6
{[%clk 0:16:39]} Rxb2 {[%clk 0:41:25]} 27. Ra2 {[%clk 0:16:52]} Rxb3
{[%clk 0:41:13]} 28. Rxc6 {[%clk 0:15:59]} Rd3 {[%clk 0:35:21]} 29. Rc8+
{[%clk 0:13:20]} Kg7 {[%clk 0:35:43]} 30. Ne2 {[%clk 0:13:32]} Ra3
{[%clk 0:33:01]} 31. Rxa3 {[%clk 0:12:37]} Rxa3 {[%clk 0:33:25]} 32. Nd4
{[%clk 0:12:58]} a5 {[%clk 0:32:14]} 33. Ra8 {[%clk 0:13:07]} Be4
{[%clk 0:30:46]} 34. Ra7 {[%clk 0:13:28]} Kf6 {[%clk 0:27:57]} 35. Kh2
{[%clk 0:12:14]} a4 {[%clk 0:27:09]} 36. Kg3 {[%clk 0:12:24]} Ra1
{[%clk 0:26:49]} 37. f3 {[%clk 0:11:52]} Bd5 {[%clk 0:23:58]} 38. e4
{[%clk 0:11:27]} Bc4 {[%clk 0:23:55]} 39. h4 {[%clk 0:11:56]} Rd1
{[%clk 0:19:00]} 40. g5+ {[%clk 0:10:20]} Kg6 {[%clk 0:16:41]} 41. Nc6
{[%clk 0:10:10]} Bb3 {[%clk 0:07:42]} 42. Ne5+ {[%clk 0:10:33]} Kg7
{[%clk 0:07:59]} 43. Rxf7+ {[%clk 0:10:26]} Kg8 {[%clk 0:08:16]} 44. Ra7
{[%clk 0:10:51]} Ra1 {[%clk 0:05:19]} 45. h5 {[%clk 0:10:39]} a3 {[%clk 0:05:39]}
46. Ra8+ {[%clk 0:10:15]} 1-0